Statistiques concernant Focus sur: Fundin - Tolkien

Cliquez ici pour prendre le quiz!

Statistiques générales

  • Ce quiz a été pris 5 fois
  • Le résultat moyen est 6 sur 9

Statistiques - réponses

Informations recherchéesRéponses% Correct
RoyaumeErebor
100%
Première mentionLe Hobbit
100%
EspèceNain
100%
Age durant lequel il vécutTroisième
100%
FilsBalin
60%
Maison (lignée)Durin
60%
Dwalin
40%
PèreFarin
40%
FrèreGróin
20%

Distribution des résultats

Percentile par nombre de réponses

% des personnes avec chaque résultat

Votre développement - résultats

Vous n’avez pas pris ce quiz